Estabilizaciones en las psicosis

Uloženo v:
Podrobná bibliografie
Hlavní autor: Laurent, Eric (Autor)
Médium: Kniha
Jazyk:španělština
Vydáno: Buenos Aires Manantial 1991
Témata:
Tagy: Přidat tag
Žádné tagy, Buďte první, kdo vytvoří štítek k tomuto záznamu!

MARC

LEADER 00000cam a2200000 a 4500
001 UCF2797
003 CL-VaPUC
008 120910e19910000AG |||||||||||||||||spa|d
020 |a 9789509515406 
082 0 4 |a 616.84  |b LAU  |2 21 
100 |a Laurent, Eric  |e author  |9 564606 
245 1 0 |a Estabilizaciones en las psicosis 
300 |a 126 p 
942 |c BK 
945 |d 20120910 00:00:00  |a dcastane 
260 |a Buenos Aires  |b Manantial  |c 1991 
650 7 |a PSIQUIATRA  |2 CL-VaPUC  |9 564607 
650 0 |a Depresión   |9 334267 
650 0 |a Psicoanálisis   |9 265702 
650 7 |a PSICOSIS  |2 CL-VaPUC  |9 315438 
583 |a last modification  |c 20120910 11:39:00  |k Rodrigo Vera 
999 |c 349336  |d 349334 
952 |0 0  |1 0  |4 0  |6 616_840000000000000_LAU_1991  |7 0  |8 A  |9 451926  |a BIBEDU  |b BIBEDU  |c ES_NOD  |d 2019-11-22  |i 4900944  |o 616.84 LAU 1991  |p 4900944  |r 2023-08-09  |w 2019-11-22  |y BK  |k PSI 
952 |0 0  |1 0  |4 0  |6 616_840000000000000_LAU_1991  |7 0  |8 A  |9 451927  |a BIBEDU  |b BIBEDU  |c ES_NOD  |d 2019-11-22  |i 4900952  |o 616.84 LAU 1991  |p 4900952  |r 2023-08-09  |w 2019-11-22  |y BK  |k PSI